Statistics for Guess the Taylor Swift song no hints #32

Click here to take the quiz!

General Stats

  • This quiz has been taken 40 times
  • The average score is 282 of 350

Answer Stats

Answer% Correct
I
100%
you
100%
You
100%
a
97%
When
97%
when
97%
your
97%
and
94%
And
94%
(it
94%
it
94%
It
94%
me
94%
no
94%
the
94%
The
94%
In
91%
in
91%
my
91%
on
91%
so
91%
to
91%
You're
91%
at
88%
that
88%
time
88%
us
88%
we
88%
how
85%
How
85%
Like
85%
of
85%
were
85%
Cause
82%
every
82%
now
82%
one
82%
saw
82%
say
82%
That's
82%
that's
82%
what
82%
day
79%
did
79%
had
79%
into
79%
was
79%
wine
79%
with
79%
end
76%
friend
76%
maroon)
76%
(maroon)
76%
maroon
76%
over
76%
see
76%
shoes
76%
up
76%
again
73%
again?
73%
came
73%
cheeks
73%
dancing
73%
home
73%
leave
73%
lips
73%
New
73%
rose
73%
splashed
73%
thought
73%
t-shirt
73%
York
73%
between
70%
blood
70%
burgundy
70%
call
70%
closest
70%
collarbone
70%
floor
70%
fucking
70%
How'd
70%
legacy
70%
lost
70%
morning
70%
off
70%
rushed
70%
sky
70%
telephones
70%
track
70%
used
70%
always
67%
cheap-ass
67%
chose
67%
feet
67%
lap
67%
Looked
67%
mark
67%
real
67%
roommate's
67%
rust
67%
gave
64%
grew
64%
scarlett
64%
cleaning
61%
hands
61%
memory
61%
anyway?
58%
blind
58%
hazy
58%
head
58%
hell
58%
roses
58%
rubies
58%
screw-top
58%
standing
58%
wake
58%
way
58%
hallway
55%
Laughing
55%
lose
55%
shelf
55%
sight
55%
vinyl
55%
Carnations
52%
ends?
52%
shit
52%
Sobbing
52%
Ain't
48%
feel
48%
matter
48%
hollow-eyed
45%
silence
45%
shaking
39%
insence
36%

Score Distribution

Percentile by Number Answered

Percent of People with Each Score

Your Score History

You have not taken this quiz